[Event "AUTO-ELITE-1275"]
[Site "http://www.queenalice.com/game.php?id=1250939"]
[Date "2014.1.24"]
[Round "1"]
[White "edsDr23"]
[Black "pedrolopez"]
[Result "1/2-1/2"]
[WhiteElo "2528"]
[BlackElo "2511"]

1. Nf3 Nf6 2. c4 g6 3. d4 d5 4. g3 Bg7 5. Bg2 O-O 6. O-O c6 7. Nc3 dxc4 8. b3
Nd5 9. Bd2 Nb6 10. Bf4 Bg4 11. Ne5 Be6 12. Ne4 cxb3 13. axb3 N8d7 14. Ng5 Nxe5
15. Nxe6 fxe6 16. dxe5 Qxd1 17. Rfxd1 Nd5 18. e3 Rfd8 19. Bf3 a6 20. Ra4 Kf7 21.
Rad4 Ke8 22. Kf1 Nc3 23. R1d3 Nb5 24. Rxd8+ Rxd8 25. Ke2 Nc7 26. Rxd8+ Kxd8 27.
g4 a5 28. Kd3 Na6 29. Kd4 Kc7 30. Bd1 b5 1/2-1/2

[Event "AUTO-ELITE-1275"]
[Site "http://www.queenalice.com/game.php?id=1250940"]
[Date "2014.1.24"]
[Round "1"]
[White "pedrolopez"]
[Black "edsDr23"]
[Result "1/2-1/2"]
[WhiteElo "2471"]
[BlackElo "2525"]

1. d4 f5 2. Bg5 g6 3. Nc3 Bg7 4. h4 d5 5. e3 c6 6. Bd3 Nf6 7. h5 Qb6 8. hxg6
hxg6 9. Rxh8+ Bxh8 10. Nge2 Nbd7 11. Nf4 Kf7 12. Kd2 Bg7 13. g4 Ne4+ 14. Bxe4
fxe4 15. Qh1 e5 16. Nxg6 exd4 17. Qh7 dxc3+ 18. bxc3 Qc5 1/2-1/2

[Event "AUTO-OPEN-3128"]
[Site "http://www.queenalice.com/game.php?id=1269423"]
[Date "2014.3.31"]
[Round "2"]
[White "edsDr23"]
[Black "yeye2"]
[Result "1-0"]
[WhiteElo "2529"]
[BlackElo "1878"]

1. d4 d5 2. Nf3 Nc6 3. Bf4 e6 4. e3 h6 5. Bd3 Bd6 6. Nc3 Bxf4 7. exf4 a6 8. O-O
Nge7 9. a3 O-O 10. Re1 b5 11. Qd2 Bd7 12. h3 Qb8 13. Nd1 a5 14. b3 b4 15. Nb2
Nd8 16. axb4 axb4 17. Rxa8 Qxa8 18. Ne5 Bc6 19. Qxb4 f6 20. Qxe7 fxe5 21. Bh7+
Kxh7 22. Qxf8 exd4 23. f5 exf5 24. Re7 Kg6 25. Rxg7+ Kh5 26. Qxf5+ Kh4 27. g3#
1-0

[Event "AUTO-OPEN-3128"]
[Site "http://www.queenalice.com/game.php?id=1269424"]
[Date "2014.3.31"]
[Round "2"]
[White "yeye2"]
[Black "edsDr23"]
[Result "0-1"]
[WhiteElo "1880"]
[BlackElo "2528"]

1. e4 c5 2. Bc4 e6 3. Nf3 d5 4. Bb5+ Nc6 5. Ne5 Qb6 6. a4 a6 7. Bxc6+ bxc6 8. d3
Bd6 9. Bf4 Qc7 10. Nxf7 Kxf7 11. Bxd6 Qxd6 12. O-O Nf6 13. b3 e5 14. Nd2 Re8 15.
h3 Kg8 16. c4 d4 17. Rb1 Rb8 18. Rb2 Be6 19. Qa1 Nh5 20. Qa3 Nf4 21. b4 Bxh3 22.
gxh3 Qg6+ 23. Kh1 Qg2# 0-1

[Event "AUTO-OPEN-3128"]
[Site "http://www.queenalice.com/game.php?id=1269425"]
[Date "2014.3.31"]
[Round "2"]
[White "edsDr23"]
[Black "JORGESILVA19D"]
[Result "1-0"]
[WhiteElo "2539"]
[BlackElo "2237"]

1. d4 f5 2. Qd3 d5 3. g4 e6 4. gxf5 exf5 5. Nf3 Nf6 6. Rg1 g6 7. Nc3 c6 8. Bg5
Bg7 9. O-O-O Be6 10. Qe3 Qe7 11. Ne5 Nbd7 12. h4 O-O-O 13. h5 gxh5 14. Na4 Rde8
15. Nxd7 Bxd7 16. Qb3 Qd8 17. e3 Qa5 18. Nc5 Qb6 19. Qd3 Ne4 20. Nxd7 Kxd7 21.
Bf4 Bf6 22. Bh3 Kd8 23. f3 Nc5 24. Qxf5 Rhf8 25. Rg8 Bxd4 26. Rxf8 1-0

[Event "AUTO-OPEN-3128"]
[Site "http://www.queenalice.com/game.php?id=1269426"]
[Date "2014.3.31"]
[Round "2"]
[White "JORGESILVA19D"]
[Black "edsDr23"]
[Result "0-1"]
[WhiteElo "2221"]
[BlackElo "2544"]

1. e4 e6 2. d4 d5 3. e5 c5 4. Nf3 Nc6 5. Bd3 cxd4 6. O-O Nge7 7. Re1 Qb6 8. a3
Bd7 9. b4 Ng6 10. Nbd2 Qc7 11. Bxg6 hxg6 12. Nf1 f6 13. exf6 gxf6 14. Nxd4 Kf7
15. Be3 Bd6 16. g3 a6 17. Nb3 a5 18. c3 axb4 19. cxb4 Ne5 20. Bd4 Ba4 21. f4
Bxb3 22. Qxb3 Qc4 23. Qxc4 Nxc4 24. Ne3 Nxa3 25. Bc5 Nb5 26. Bxd6 Nxd6 27. h4
Rxa1 28. Rxa1 Rc8 29. Ra2 Rc3 30. Kf2 Ne4+ 31. Ke2 Nxg3+ 32. Kd2 Ne4+ 0-1

[Event "AUTO-ELITE-1232"]
[Site "http://www.queenalice.com/game.php?id=1278420"]
[Date "2014.5.3"]
[Round "2"]
[White "edsDr23"]
[Black "FabioDavid"]
[Result "1/2-1/2"]
[WhiteElo "2541"]
[BlackElo "2550"]

1. d4 d5 2. c4 e6 3. Nc3 Be7 4. Nf3 Nf6 5. Bg5 O-O 6. e3 h6 7. Bh4 b6 8. Bd3 Bb7
9. O-O Nbd7 10. cxd5 Nxd5 11. Nxd5 Bxh4 12. Nxc7 Bxf2+ 13. Rxf2 Qxc7 14. Rc1 Qd6
15. Rfc2 Rac8 16. Rxc8 Rxc8 17. Rxc8+ Bxc8 18. Qa4 a5 19. Bb5 g5 20. Bc6 Qc7 21.
h3 Bb7 22. Bxb7 Qxb7 23. Qc2 b5 1/2-1/2

[Event "AUTO-ELITE-1232"]
[Site "http://www.queenalice.com/game.php?id=1278421"]
[Date "2014.5.3"]
[Round "2"]
[White "FabioDavid"]
[Black "edsDr23"]
[Result "0-1"]
[WhiteElo "2559"]
[BlackElo "2530"]

1. e4 c5 2. Nf3 d6 3. d4 cxd4 4. Nxd4 Nf6 5. Nc3 a6 6. f3 e5 7. Nb3 Be6 8. Be3
Nc6 9. Nd5 Bxd5 10. exd5 Ne7 11. c4 g6 12. Bd3 Bg7 13. O-O O-O 14. Nd2 Nh5 15.
g3 b5 16. Qe2 bxc4 17. Bxc4 Rb8 18. Ne4 Nf5 19. Ba7 Nd4 20. Qd2 f5 21. Bxd4 fxe4
22. Bc3 exf3 23. Rae1 Qc8 24. Bd3 Qg4 25. Rf2 Nf4 26. Kh1 Nh3 27. Rff1 Ng5 28.
Qe3 h5 0-1

[Event "AUTO-ELITE-1232"]
[Site "http://www.queenalice.com/game.php?id=1278422"]
[Date "2014.5.3"]
[Round "2"]
[White "edsDr23"]
[Black "PasoDoble"]
[Result "1/2-1/2"]
[WhiteElo "2543"]
[BlackElo "2426"]

1. d4 d5 2. c4 e6 3. Nf3 Nf6 4. Nc3 c6 5. Bg5 Be7 6. e3 O-O 7. Bd3 Nbd7 8. cxd5
exd5 9. O-O Re8 10. Qc2 Nf8 11. Ne5 N6d7 12. Bxe7 Qxe7 13. Nf3 Nf6 14. h3 Ne4
15. Bxe4 dxe4 16. Ne5 f6 17. Nc4 Be6 18. Nxe4 Bf5 19. f3 Bxe4 20. fxe4 Qxe4 21.
Qxe4 Rxe4 22. Rf5 Ne6 23. Kf2 Nc7 24. Ra5 Re6 25. Re1 Nd5 26. e4 Nb4 27. Kf3 b5
28. Ne3 Rae8 29. Rxa7 Rxe4 30. Rxg7+ Kh8 31. Rf7 Nd3 32. Re2 Rf4+ 33. Kg3 h5 34.
Kh2 Rfe4 35. Rc2 Rxe3 36. Rxc6 h4 37. Rfxf6 R3e7 38. Rb6 Rd8 39. Rh6+ Rh7 40.
Rxh7+ Kxh7 41. Rxb5 Rxd4 42. b3 Kg6 43. g3 Nc1 44. gxh4 Nxa2 45. Rg5+ 1/2-1/2

[Event "AUTO-ELITE-1232"]
[Site "http://www.queenalice.com/game.php?id=1278423"]
[Date "2014.5.3"]
[Round "2"]
[White "PasoDoble"]
[Black "edsDr23"]
[Result "1/2-1/2"]
[WhiteElo "2421"]
[BlackElo "2546"]

1. e4 c5 2. Nf3 d6 3. d4 cxd4 4. Nxd4 Nf6 5. Nc3 g6 6. Be3 Bg7 7. f3 O-O 8. Qd2
Nc6 9. Bc4 Bd7 10. O-O-O Ne5 11. Bb3 Qa5 12. h4 h5 13. Kb1 Rfe8 14. Bh6 Rac8 15.
g4 Rxc3 16. Bxg7 Kxg7 17. bxc3 Rc8 18. gxh5 Nxh5 19. Rhg1 Rc5 20. f4 Nc4 21.
Bxc4 Rxc4 22. e5 Qb6+ 23. Kc1 Qc5 24. exd6 Nf6 25. Qe3 exd6 26. f5 Qa3+ 27. Kd2
Nd5 28. Qe4 Qc5 29. fxg6 f5 30. Ne6+ Bxe6 31. Qxe6 Rd4+ 32. cxd4 1/2-1/2

[Event "AUTO-OPEN-3114"]
[Site "http://www.queenalice.com/game.php?id=1284451"]
[Date "2014.5.27"]
[Round "2"]
[White "viennawaltz"]
[Black "edsDr23"]
[Result "1/2-1/2"]
[WhiteElo "2385"]
[BlackElo "2536"]

1. e4 c5 2. Nf3 d6 3. d4 cxd4 4. Nxd4 Nf6 5. Nc3 a6 6. Bg5 e5 7. Nb3 Be7 8. Qd2
Be6 9. O-O-O Nbd7 10. f3 b5 11. Be3 O-O 12. Kb1 Nb6 13. Qf2 Na4 14. Nxa4 bxa4
15. Nc5 a3 16. b3 Qc7 17. Nxe6 fxe6 18. Qg3 d5 19. Bd3 a5 20. exd5 exd5 21. Bf5
a4 22. Rhe1 Bb4 23. Re2 Rae8 24. Bc1 g6 25. Bd3 Re6 26. Qh4 Qb7 27. Qg5 Rfe8 28.
g3 Kh8 29. h4 Bf8 30. Rde1 Bd6 31. g4 axb3 32. cxb3 d4 33. h5 Qxf3 34. Bc4 Nd5
35. Rh2 Be7 36. Qh6 Bf8 37. Qg5 Nc3+ 38. Ka1 Ne4 39. Rxe4 Qxe4 40. Bxe6 Rxe6 41.
Bxa3 Qe1+ 42. Kb2 Bxa3+ 1/2-1/2

[Event "AUTO-OPEN-3114"]
[Site "http://www.queenalice.com/game.php?id=1284452"]
[Date "2014.5.27"]
[Round "2"]
[White "edsDr23"]
[Black "viennawaltz"]
[Result "1-0"]
[WhiteElo "2531"]
[BlackElo "2399"]

1. Nf3 d5 2. c4 d4 3. e3 Nc6 4. exd4 Nxd4 5. Nxd4 Qxd4 6. Nc3 c6 7. d3 Nh6 8.
Be2 Nf5 9. O-O g6 10. g4 Ng7 11. Be3 Qd8 12. d4 h5 13. f3 hxg4 14. fxg4 f5 15.
Qd3 e6 16. Bf4 Bd6 17. Qg3 Bxf4 18. Qxf4 Qe7 19. Rad1 Bd7 20. Qe5 O-O 21. a3
Rad8 22. h3 Ne8 23. gxf5 Qg5+ 24. Kh2 Rxf5 25. Rxf5 exf5 26. Rg1 Qf6 27. Bh5
Qxe5+ 28. dxe5 Ng7 29. Bxg6 Be6 30. Rd1 Rxd1 31. Nxd1 Bf7 32. Bxf7+ Kxf7 33. Nf2
Ke6 34. Nd3 f4 35. Kg2 Kf5 36. Kf3 Ne6 37. h4 Nd4+ 38. Kf2 Kg4 39. Nc5 b6 40. e6
Nf5 41. Ne4 Kxh4 42. Kf3 1-0

[Event "AUTO-ELITE-1275"]
[Site "http://www.queenalice.com/game.php?id=1303370"]
[Date "2014.8.22"]
[Round "2"]
[White "edsDr23"]
[Black "sidneyjmg"]
[Result "0-1"]
[WhiteElo "2540"]
[BlackElo "2492"]

1. d4 Nf6 2. c4 e6 3. Nf3 Be7 4. Nc3 d5 5. g3 O-O 6. Bg2 dxc4 7. Qa4 a6 8. Qxc4
b5 9. Qb3 Bb7 10. O-O c5 11. dxc5 Bxc5 12. Bg5 Nbd7 13. Nd2 Bxg2 14. Kxg2 Qb6
15. Nde4 Bd4 16. Bxf6 Nxf6 17. Nxf6+ Bxf6 18. Rfd1 Rac8 19. Ne4 Be5 20. Rac1 h6
21. Rc2 Rxc2 22. Qxc2 f5 23. Qc5 Qb8 24. Nd6 Bxb2 25. Qc6 Qa8 26. Nb7 Kh7 27.
Rd7 Re8 28. e4 fxe4 29. Qxe4+ Kg8 30. f3 Qc8 31. Rd6 Ba3 32. Rxa6 Bf8 33. a4 Re7
34. Rb6 bxa4 35. Nd6 Qc1 36. Qxa4 Rc7 37. Qb3 Rc2+ 38. Kh3 Re2 39. Ne4 Qf1+ 40.
Kg4 h5+ 41. Kf4 Qc1+ 42. Ke5 Qc5+ 43. Kxe6 Re3 44. Qb5 Qe7+ 45. Kd5 Rxf3 46. Kd4
Qa7 47. Nc3 h4 48. Qd5+ Rf7 49. Qb3 Kh8 50. Qb5 Rf6 51. Na4 hxg3 52. hxg3 g5 53.
Qe8 Kg8 54. Qb5 Rd6+ 0-1

[Event "AUTO-ELITE-1275"]
[Site "http://www.queenalice.com/game.php?id=1303371"]
[Date "2014.8.22"]
[Round "2"]
[White "sidneyjmg"]
[Black "edsDr23"]
[Result "1/2-1/2"]
[WhiteElo "2491"]
[BlackElo "2541"]

1. e4 e6 2. Nf3 d5 3. Nc3 Nf6 4. exd5 exd5 5. d4 Bd6 6. Bd3 h6 7. O-O O-O 8. Nb5
Nc6 9. c3 Be7 10. Re1 a6 11. Na3 Bd6 12. Nc2 Bg4 13. Ne3 Bh5 14. Nf5 Qd7 15.
Nxd6 Qxd6 16. Qb3 Bxf3 17. gxf3 Ne7 18. Bd2 Ng6 19. Bxg6 fxg6 20. Re5 Qc6 21.
Rae1 Rae8 22. f4 Qb5 23. Qxb5 axb5 24. f3 Kf7 25. Kf2 Rh8 26. Rg1 c6 27. f5 gxf5
28. Rxf5 Re6 29. Bf4 g6 30. Re5 Nh5 31. Bg3 Rhe8 32. Rxe6 Rxe6 33. Be5 Ng7 34.
Ke2 Nf5 35. Kd2 Re8 36. a3 Rf8 37. Rf1 Ke6 38. Re1 Rf7 39. f4 Nd6 40. Rg1 Ne4+
41. Kd3 Kf5 42. Ke2 Re7 43. Kd3 Re8 44. Rf1 Nf6 45. Re1 Re7 46. Re2 Ne4 47. Re1
Nf2+ 48. Ke2 Ng4 49. Rh1 Nf6 50. h4 Ne4 51. Rh2 Re8 52. Rg2 h5 53. Kd3 Rc8 54.
Rh2 Re8 1/2-1/2

[Event "AUTO-OPEN-3114"]
[Site "http://www.queenalice.com/game.php?id=1317989"]
[Date "2014.10.26"]
[Round "3"]
[White "amarkin"]
[Black "edsDr23"]
[Result "1-0"]
[WhiteElo "2456"]
[BlackElo "2534"]

1. e4 c5 2. Nc3 Nc6 3. Nf3 d6 4. d4 cxd4 5. Nxd4 Nf6 6. Be3 g6 7. h3 Bg7 8. Bb5
Bd7 9. Nxc6 Bxc6 10. Bxc6+ bxc6 11. O-O O-O 12. Qd3 Qc7 13. Rad1 Nd7 14. f4 Rfd8
15. b3 Qa5 16. Na4 Nb6 17. Bd2 Qh5 18. Nxb6 axb6 19. a4 Qc5+ 20. Be3 Qb4 21. c4
Rac8 22. Bd2 Qc5+ 23. Be3 Qb4 24. f5 d5 25. exd5 cxd5 26. Bg5 Be5 27. fxg6 hxg6
28. Qf3 f6 29. Rxd5 Rxd5 30. Qxd5+ Kg7 31. Rb1 Qc3 32. Bh4 Bd4+ 33. Kh1 Rc5 34.
Qf3 Qxf3 35. gxf3 Rh5 36. Bg3 Rxh3+ 37. Kg2 Rh8 38. Rd1 e5 39. Bf2 Rd8 40. f4 g5
41. f5 Kf7 42. Kf3 Rh8 43. Bxd4 exd4 44. Ke4 Re8+ 45. Kd5 Rc8 46. b4 g4 47. b5
g3 48. a5 1-0

[Event "AUTO-OPEN-3114"]
[Site "http://www.queenalice.com/game.php?id=1317990"]
[Date "2014.10.26"]
[Round "3"]
[White "edsDr23"]
[Black "amarkin"]
[Result "1/2-1/2"]
[WhiteElo "2524"]
[BlackElo "2466"]

1. Nf3 Nf6 2. d4 d5 3. c4 g6 4. Nc3 Bg7 5. g3 dxc4 6. Qa4+ c6 7. Qxc4 Be6 8. Qa4
O-O 9. Bg2 b5 10. Qd1 Nbd7 11. O-O b4 12. Na4 Bd5 13. Bf4 Nh5 14. Bd2 a5 15. Rc1
Nhf6 16. Bf4 Nh5 17. Be3 Re8 18. Qd3 Qc7 19. Rfe1 e6 20. b3 f5 21. Red1 Rad8 22.
Bg5 Ra8 23. Nd2 h6 24. Be3 Kh7 25. Qc2 Rac8 26. Bf3 Nhf6 27. h4 Bxf3 28. Nxf3
Nh5 29. Qd3 f4 30. Bxf4 Nxf4 31. gxf4 Qxf4 32. Rc4 Rf8 33. Kh1 Rf6 34. Rg1 Qf5
35. Qxf5 Rxf5 36. Rd1 e5 37. dxe5 Nxe5 38. Nxe5 Rxe5 39. Nb6 Rf8 40. Nd7 Rd8 41.
e4 Rh5 42. Kg2 Rxh4 43. f3 Rf4 44. Rxc6 Rf7 45. Rc7 Ra8 46. Rc5 a4 47. Rcd5 axb3
48. axb3 h5 49. Nc5 Ra3 50. R1d3 1/2-1/2

[Event "Sidinei-2"]
[Site "http://www.queenalice.com/game.php?id=1388551"]
[Date "2015.10.10"]
[Round "1"]
[White "edsDr23"]
[Black "acid"]
[Result "1/2-1/2"]
[WhiteElo "2532"]
[BlackElo "2697"]

1. Nf3 Nf6 2. c4 e6 3. d4 b6 4. g3 Bb4+ 5. Bd2 Be7 6. Bg2 c6 7. O-O d5 8. Nc3
O-O 9. Qa4 Bb7 10. Rfd1 Nbd7 11. Bf4 a6 12. Qb3 dxc4 13. Qxc4 b5 14. Qb3 c5 15.
dxc5 Bxc5 16. Ne1 Bxg2 17. Kxg2 Qb6 18. Nd3 Be7 19. f3 b4 20. Na4 Qb5 21. Rac1
Rfd8 22. Be3 Nd5 23. Bf2 Bg5 24. Rc4 Be3 25. Re4 Bxf2 26. Kxf2 a5 27. Rd4 Rdc8
28. a3 N7b6 29. Nxb6 Qxb6 30. Nf4 Nxf4 31. gxf4 Rab8 32. Kg3 h6 33. axb4 axb4
34. e3 Qb5 35. e4 Qh5 36. e5 Qg6+ 37. Kh3 Kh7 38. Qd3 Rb7 39. Rd2 b3 40. Qe4
Qxe4 41. fxe4 Rc2 42. Kg4 Rbc7 43. Kf3 g5 44. f5 R7c5 45. fxe6 fxe6 46. Ke3 g4
47. Rd7+ Kg6 48. R7d6 Rxd2 49. Rxe6+ Kf7 50. Rf6+ Ke7 51. Kxd2 Rc2+ 52. Kd3 h5
53. Rg6 Rxb2 54. Kc3 Rxh2 55. Kxb3 Rh1 56. Rg5 Ke6 57. Kc3 h4 58. Rg6+ Kxe5 59.
Rxg4 h3 60. Rh4 h2 1/2-1/2

[Event "kasker-3"]
[Site "http://www.queenalice.com/game.php?id=1460817"]
[Date "2017.1.22"]
[Round "4"]
[White "krodo"]
[Black "edsDr23"]
[Result "1/2-1/2"]
[WhiteElo "2652"]
[BlackElo "2550"]

1. d4 d5 2. c4 e6 3. Nc3 Nf6 4. cxd5 exd5 5. Bg5 Nbd7 6. e3 c6 7. Bd3 Bd6 8.
Nge2 O-O 9. Qc2 h6 10. Bf4 Nb6 11. O-O Re8 12. Bxd6 Qxd6 13. Rfe1 Bd7 14. a3 Ng4
15. Ng3 Rac8 16. Qd2 c5 17. dxc5 Rxc5 18. h3 Ne5 19. Be2 Rcc8 20. Red1 Red8 21.
a4 Qc5 22. a5 Nbc4 23. Qxd5 Nxb2 24. Qxc5 Rxc5 25. Nce4 Rc2 26. Rd5 Re8 27. Rc5
Rxc5 28. Nxc5 Bc6 29. Nf5 Nec4 30. g4 Re5 31. Nb3 Bd5 1/2-1/2

[Event "Sidinei-2"]
[Site "http://www.queenalice.com/game.php?id=1469867"]
[Date "2017.3.21"]
[Round "3"]
[White "edsDr23"]
[Black "fred57"]
[Result "0-1"]
[WhiteElo "2545"]
[BlackElo "2761"]

1. Nf3 d5 2. c4 e6 3. d4 Nf6 4. g3 dxc4 5. Bg2 Nc6 6. Qa4 Bb4+ 7. Bd2 Nd5 8.
Bxb4 Nxb4 9. O-O Rb8 10. Nc3 a6 11. Ne5 O-O 12. Bxc6 Nxc6 13. Nxc6 bxc6 14. Rfd1
Rxb2 15. Qxc4 Qd6 16. Rab1 Rxb1 17. Rxb1 e5 18. dxe5 Qxe5 19. Qxc6 h6 0-1